Normal view
MARC view
- Sadiq, Muhammad Yousaf
Entry Corporate Name
001 - CONTROL NUMBER
- control field: 50754
003 - CONTROL NUMBER IDENTIFIER
- control field: NUST
005 - DATE AND TIME OF LATEST TRANSACTION
- control field: 20210314134746.0
008 - FIXED-LENGTH DATA ELEMENTS
- fixed length control field: 210314|| aca||aabn | a|a d
040 ## - CATALOGING SOURCE
- Original cataloging agency: NUST
- Transcribing agency: NUST
110 ## - HEADING--CORPORATE NAME
- Corporate name or jurisdiction name as entry element: Sadiq, Muhammad Yousaf
670 ## - SOURCE DATA FOUND
- Source citation: Work cat.: (NUST): Sadiq, Muhammad Yousaf 50753, Implementation of six sigma in construction industry of pakistan , 2015.
